| 000 | 00597cam a2200217 4500 | ||
|---|---|---|---|
| 008 | 000000n1995 000 0 eng u | ||
| 020 | _a0113221908 | ||
| 035 | _a(Sirsi) u104450 | ||
| 050 | _a725.5 | ||
| 110 |
_aNHS Estates _92893 |
||
| 245 | _aLocal healthcare facilties. | ||
| 260 |
_aLondon _bStationery Office _c1995 |
||
| 300 | _a91p. : ill. ; 30cm. | ||
| 350 | _a70.00 | ||
| 490 |
_aHealth Building Note _v36 |
||
| 650 | _aHEALTH CENTRES | ||
| 650 | _aDOCTORS' SURGERIES | ||
| 650 | _aPRIMARY HEALTHCARE CENTRES | ||
| 690 | _aBUILT ENVIRONMENT-CONSTRUCTION DESIGN | ||
| 942 | _n0 | ||
| 999 |
_c100254 _d100254 |
||